000
00310 a2200145 4500
001
192472
020
_a
978-85-260-1703-0
040
_c
Magnum
100
_a
Bandeira, Manuel
240
1
0
_a
Estrela da manhã
_l
por
245
1
0
_a
Estrela da manhã
300
_a
92
697
_a
LITERATURA GERAL
942
_c
BK
999
_c
192472
_d
192472